5HLuxD.jpg

KING HENRY VIII SENIOR AND PRIMARY SCHOOL LIBRARY OPAC

English vocabulary in use : (Record no. 2854)

000 -LEADER
fixed length control field 01196cam a2200313 a 4500
001 - CONTROL NUMBER
control field 1623535
003 - CONTROL NUMBER IDENTIFIER
control field OSt
005 - DATE AND TIME OF LATEST TRANSACTION
control field 20230824082615.0
008 - FIXED-LENGTH DATA ELEMENTS--GENERAL INFORMATION
fixed length control field 190919s2017 enka g 001 0 eng d
020 ## - INTERNATIONAL STANDARD BOOK NUMBER
International Standard Book Number 9781316631744
Qualifying information (pbk.)
020 ## - INTERNATIONAL STANDARD BOOK NUMBER
International Standard Book Number 1316631745
Qualifying information (pbk.)
040 ## - CATALOGING SOURCE
Original cataloging agency TAE
Language of cataloging eng
Transcribing agency TAE
Description conventions aacr2
Modifying agency KH8
041 0# - LANGUAGE CODE
Language code of text/sound track or separate title eng
042 ## - AUTHENTICATION CODE
Authentication code nbic
082 0# - DEWEY DECIMAL CLASSIFICATION NUMBER
Classification number 428.24 MCC
100 1# - MAIN ENTRY--PERSONAL NAME
Personal name McCarthy, Michael,
Dates associated with a name 1947-
Relator term author.
245 10 - TITLE STATEMENT
Title English vocabulary in use :
Remainder of title upper intermediate : vocabulary reference and practice with answers, with answers and ebook /
Statement of responsibility, etc. Michael McCarthy, Felicity O'Dell.
246 3# - VARYING FORM OF TITLE
Title proper/short title Upper intermediate : vocabulary reference and practice with answers, with answers and ebook.
250 ## - EDITION STATEMENT
Edition statement 4th ed.
260 ## - PUBLICATION, DISTRIBUTION, ETC.
Place of publication, distribution, etc. Cambridge :
Name of publisher, distributor, etc. Cambridge University Press,
Date of publication, distribution, etc. c2017.
300 ## - PHYSICAL DESCRIPTION
Extent 280 p. :
Other physical details col. ill. ;
Dimensions 27 cm.
500 ## - GENERAL NOTE
General note Includes code for the ebook version with audio, that works on Macs, PC's and tablets.
500 ## - GENERAL NOTE
General note Includes index.
650 #0 - SUBJECT ADDED ENTRY--TOPICAL TERM
Topical term or geographic name entry element English language
Form subdivision Textbooks for foreign speakers.
650 #0 - SUBJECT ADDED ENTRY--TOPICAL TERM
Topical term or geographic name entry element English language
General subdivision Grammar.
650 #0 - SUBJECT ADDED ENTRY--TOPICAL TERM
Topical term or geographic name entry element Vocabulary
Form subdivision Problems, exercises, etc.
700 1# - ADDED ENTRY--PERSONAL NAME
Personal name O'Dell, Felicity,
Dates associated with a name 1947-
Relator term author.
942 ## - ADDED ENTRY ELEMENTS (KOHA)
Source of classification or shelving scheme
Koha item type Teaching Resources
Holdings
Withdrawn status Lost status Source of classification or shelving scheme Damaged status Not for loan Collection code Permanent Location Current Location Shelving location Date acquired Total Checkouts Full call number Barcode Date due Date last seen Date last checked out Price effective from Koha item type
          Teaching Resources KH8 Senior School Library KH8 Senior School Library Staff Office 2023-08-24 1 428.24 MCC TRKHSL002322 2025-07-04 2024-11-07 2024-11-07 2023-08-24 Teaching Resources

Powered By KH8 IT Dept